LEADER 01196nam0-2200325 --450 001 9910319054803321 005 20260320131521.0 020 $aIT$b63-12006 100 $a20190513d1963----kmuy0itay5050 ba 101 0 $aita 102 $aIT 105 $a 001yy 200 1 $aPrimo approccio al problema dei rapporti tra gli strumenti normativi urbanistici ed edilizi e la morfologia di un'area$fSilvano Tintori, Maurizio Calzavara, Enrico Mantero 210 $aMilano$cILSES$d1963 215 $aIII, 48 p.$d28 cm 225 1 $aILSES$fIstituto lombardo per gli studi economici e sociali. 4$v3.1 300 $aLitografato 300 $aIn cop.: Progetto di ricerca Struttura urbanistica dell'area metropolitana 610 0 $aUrbanistica 676 $a711$v10 700 1$aTintori,$bSilvano$010456 701 1$aMantero,$bEnrico$023764 701 1$aCalzavara,$bMaurizio$0764703 801 0$aIT$bUNINA$gREICAT$2UNIMARC 901 $aBK 912 $a9910319054803321 952 $aC 1024 CAN$bs.i.$fDARPU 959 $aDARPU 996 $aPrimo approccio al problema dei rapporti tra gli strumenti normativi urbanistici ed edilizi e la morfologia di un'area$91553294 997 $aUNINA